Isteri teladan : Rumah idaman surga impian

Bibliographic Details
Main Author: Habsah Md.Nor
Format: Book
Published: Kuala Lumpur : Darul Nu'Man , 1994
Subjects:

MARC

LEADER 00000cam a2200000 7i4500
001 0000002818
002 000003049
005 20000330.0
020 |a 9839017527 
090 0 0 |a 297.64   |b HAB 
100 0 |a Habsah Md.Nor 
245 1 0 |a Isteri teladan :   |b Rumah idaman surga impian   |c Habsah Md.Nor dan Mohd Isa Selamat 
260 |a Kuala Lumpur :   |b Darul Nu'Man ,   |c 1994 
300 |a 273p. ;   |c 21cm. 
650 0 0 |a Islam   |x Wires 
999 |a 036422   |b BUKU   |c PINJAMAN   |e PERPUSTAKAAN KOMUNITI PETALING JAYA